Commercial investment in public–private partnerships: The impact of government characteristics (Record no. 529434)

000 -LEADER
fixed length control field 01396nam a22001457a 4500
008 - FIXED-LENGTH DATA ELEMENTS--GENERAL INFORMATION
fixed length control field 250320b ||||| |||| 00| 0 eng d
100 ## - MAIN ENTRY--PERSONAL NAME
Personal name Wang, Huanming Sun, Xiaoyun and Shi, Yu
245 ## - TITLE STATEMENT
Title Commercial investment in public–private partnerships: The impact of government characteristics
260 ## - PUBLICATION, DISTRIBUTION, ETC. (IMPRINT)
Place of publication, distribution, etc Local Government Studies
300 ## - PHYSICAL DESCRIPTION
Extent 50(1), Feb, 2024: p.230-260
520 ## - SUMMARY, ETC.
Summary, etc How to attract commercial investment to provide infrastructure and public service is an important issue for governments around the world. This paper investigated what government characteristics can attract commercial investment. Using China’s PPP cases, this study shows that local government’s fiscal stress, land resources, and wealth are important determinants in attracting commercial investment. The business environment of local government plays a moderating role between government characteristics (i.e., fiscal stress, land resources, and wealth) and commercial investment. By highlighting the determinants of commercial investment, this study offers important implications for the theory and practice of PPP management.- Reproduced

https://www.tandfonline.com/doi/full/10.1080/03003930.2023.2198217
650 ## - SUBJECT ADDED ENTRY--TOPICAL TERM
Topical term or geographic name as entry element Public–private partnerships, Private investment, Business environment, Fiscal stress, Land finance.
9 (RLIN) 51432
773 ## - HOST ITEM ENTRY
Main entry heading Local Government Studies
942 ## - ADDED ENTRY ELEMENTS (KOHA)
Item type Articles
Holdings
Withdrawn status Lost status Source of classification or shelving scheme Damaged status Not for loan Permanent location Current location Date acquired Serial Enumeration / chronology Barcode Date last seen Koha item type
          Indian Institute of Public Administration Indian Institute of Public Administration 2025-03-20 50(1), Feb, 2024: p.230-260 AR135406 2025-03-20 Articles

Powered by Koha